000 00395cam a2200169ua 4500
020 _c$ 24.95
041 _aeng
_h
082 _a635.903
_bPAG/BO
100 _aMills Hicks, James .
245 0 0 _aBotanica`s gardening encyclopaedia
260 _aSan Diego :
_bLaurel Glen ,
_c2001.
300 _a1000 ; .
365 _a$ 24.95
504 _a
942 _cBK
999 _c13161
_d13161